000 01823cam a2200505 i 4500
001 37407
003 KOSZ 005
005 20240809122444.0
008 240808s1994 pl a f 000 0 pol
015 _aUWD 1994/6256
035 _a991000557239705066
035 _a(PL-WaBN)b10190697-48omnis_nlop
035 _ab10190697
035 _a(OCoLC)749691362
035 _a(PL)b0000001019069
035 _a(EXLNZ-48OMNIS_NETWORK)9910072837305606
040 _aWA N
_cWA N
_dKOSZ 005/RW
046 _k1994
080 _a796.1
080 _a(07)
100 1 _aBondarowicz, Marian
_eAutor
245 1 0 _aZabawy i gry ruchowe w zajęciach sportowych /
_cMarian Bondarowicz ; Resortowe Centrum Metodyczno-Szkoleniowe Kultury Fizycznej i Sportu.
260 _aWarszawa :
_bResortowe Centrum Metodyczno-Szkoleniowe Kultury Fizycznej i Sportu,
_c1994.
300 _a264, [1] strony :
_bfotografie, rysunki ;
_c21 cm.
336 _aTekst
_btxt
_2rdacontent
337 _aBez urządzenia pośredniczącego
_bn
_2rdamedia
338 _aWolumin
_bnc
_2rdacarrier
380 _aKsiążki
380 _aPublikacje fachowe
388 1 _a1901-2000
388 1 _a1989-2000
490 1 _aBiblioteka Trenera
504 _aBibliografia na stronie [262].
650 7 _aSport
_2DBN
655 7 _aGry i zabawy ruchowe
_2DBN
655 7 _aGry sportowe
_2DBN
655 7 _aPodręcznik
_2DBN
658 _aEdukacja i pedagogika
658 _aKultura fizyczna i sport
710 2 _aResortowe Centrum Metodyczno-Szkoleniowe Kultury Fizycznej i Sportu
_4pbl
830 0 _aBiblioteka Trenera
856 _uhttps://koha.tu.koszalin.pl/cgi-bin/koha/opac-detail.pl?biblionumber=37407
_yKatalog online BPK
942 _2UKD
_cKS
999 _c37407
_d37407